| 000 | 00470nam a22001697a 4500 | ||
|---|---|---|---|
| 005 | 20230411171420.0 | ||
| 008 | 170120b2003 xxu||||| |||| 00| 0 spa d | ||
| 020 | _a9780877799207 | ||
| 041 |
_aESP _aING |
||
| 082 | _aR 423 D545d | ||
| 245 | _aDiccionario Merriam Webster español-inglés | ||
| 260 |
_aEstados Unidos _bMerriam Webster _c2003 |
||
| 300 | _a740 páginas | ||
| 650 |
_aDICCIONARIO ESPAÑOL-INGLÉS _973956 |
||
| 650 |
_aDEFINICIONES _973957 |
||
| 942 | _cREF | ||
| 999 |
_c8778 _d8778 |
||